| 000 | 01243 a2200265 4500 | ||
|---|---|---|---|
| 999 |
_c8961 _d8961 |
||
| 020 | _a9780702194061 (pbk.) | ||
| 050 | 0 | 0 | _aKF3300MCC2011 |
| 245 | 0 | 0 |
_aAlcohol, drugs and employment / _cM. McCann ... [et al.]. |
| 250 | _a2nd ed. | ||
| 264 |
_aClaremont: _bJuta and CO, _c2011 |
||
| 300 |
_axxviii, 392 p. : _bill. ; |
||
| 500 | _aRev. ed. of: Alcohol, employment and fair labour practice / by Chris Albertyn and Mike McCann, published in 1993. | ||
| 504 | _aIncludes bibliographical references and index. | ||
| 650 | 0 | _aAlcoholism and employment | |
| 650 | 0 | 0 | _aDrugs and employment |
| 650 | 0 |
_aSubstance abuse _xPrevention |
|
| 650 | 0 |
_aAlcoholism _xTreatment |
|
| 650 | 0 | 0 |
_aEmployee assistance programs _xLaw and legislation. |
| 700 | 1 | _aMcCann, Mike. | |
| 700 | 1 |
_aAlbertyn, Chris _q(Christopher) _tAlcohol, employment and fair labour practice. |
|
| 856 | 4 | 2 |
_3Contributor biographical information _uhttp://www.loc.gov/catdir/enhancements/fy1216/2012435060-b.html |
| 856 | 4 | 2 |
_3Publisher description _uhttp://www.loc.gov/catdir/enhancements/fy1216/2012435060-d.html |
| 942 |
_2lcc _cBK _h3300 _iMCC _kKF |
||